Tierra

Guardat en:
Dades bibliogràfiques
Autor principal: Luhr, James F. (autor)
Format: Llibre
Idioma:espanyol
Publicat: Santiago Cosar 2003
Edició:1a. ed
Matèries:
Etiquetes: Afegir etiqueta
Sense etiquetes, Sigues el primer a etiquetar aquest registre!

MARC

LEADER 00000nam a2200000 a 4500
001 UCH8675
003 CL-VaPUC
008 091203e20030000CL |||||||||||||||||spa|d
020 |a 1405300183 
082 0 4 |a 910  |b LUH  |2 21 
100 |a Luhr, James F.  |e autor  |9 545382 
245 1 0 |a Tierra 
250 |a 1a. ed 
300 |a 520 p 
942 |c BK 
945 |d 20091203 00:00:00  |a cmena 
260 |a Santiago  |b Cosar  |c 2003 
650 0 |a Geografía  |9 259346 
650 0 |a Geología   |9 260984 
650 0 |a Recursos naturales  |9 255232 
650 0 |a Geomorfología   |9 261377 
650 0 |a Oceanografía  |9 260014 
583 |a last modification  |c 20091203 00:00:00  |k Rodrigo Vera 
999 |c 338867  |d 338865 
952 |0 0  |1 0  |4 0  |6 910_000000000000000_LUH_2003  |7 0  |8 C  |9 432078  |a BIBCUR  |b BIBCUR  |d 2019-11-22  |i 4581539  |o 910 LUH 2003  |p 4581539  |r 2025-04-22  |w 2019-11-22  |y BK  |k EXP